000 00864nas a2200289 4500
001 BR9801642
003 BR-BrBNA
005 20231205100940.0
007 ta
008 230509b bl.|||p| |||| 00| 00por d
040 _aBR-BrBNA
_bpor
_cBiblioteca Nacional de Agricultura
041 _a(Pt)
072 _aL70
100 1 _aValadares, R.F.D.
100 1 _aGoncalves, L.C.
100 1 _aRodrigues, N.M.
100 1 _aSampaio, I.B.
100 1 _aValadares Filho, S. de C.
245 1 _aMetodologia de coleta de urina em vacas utilizando sondas de Folley
650 _aVaca
650 _aVeterinaria
650 _aUrina
650 _aAnalise de Laboratorio
773 0 _tRevista Brasileira de Zootecnia (Brazil)
_xISSN 0100-4859
_g(Nov-Dec 1997), v. 26(6) p. 1279-1282
_wBR9801642
909 _a202311
_bLúcia
_c55
_dLúcia Elande
942 _2AGRIS
_n0
_cANA
999 _c158964
_d158964